000 00668nam a22002057a 4500
005 20100805144659.0
010 _aENG-98419
020 _c100.00
035 _aEN-81952
037 _bDBAD/PUB
082 _a005.1
100 _aIndragandhi, A.
_97181
245 _aSoftware engineering /
_cby A. Indragandhi
260 _aPerambalur
_bMerucury Printers
_c2008
270 _aMerucury Printers
_bPerambalur
_e621212
_k04328-276458
300 _a141 p.
_b22cm (Pbk)
700 _96809
942 _2ddc
_cEN
_h005.1
_mIND
999 _c39555
_d39555